Top 5 Oldest Cities per Continent on a Map - Statistics

General Stats
  • This quiz has been taken 235 times
  • The average score is 8 of 30
Answers on the Map
Answers color-coded by a green-red scale on the quiz's map according to % correct below.
 
Answer Stats
Category Date City % Correct
Oceania 1788 Sydney
76%
South America 980 Quito
63%
Africa c. 700 BC Tripoli
63%
Africa c. 3200 BC Luxor
59%
South America 1532 Sao Paulo
59%
Asia 3000 BC Beirut
57%
Asia 4th millenium BC Yerevan
54%
South America c. 1100 Cusco
51%
Oceania 1803 Hobart
51%
Africa c. 800 BC Tangier
37%
North America c. 1300 AD Tucson
25%
Asia c. 3650 BC Gaziantep
21%
Africa c. 600 BC Constantine
19%
Oceania 1804 Newcastle
18%
Asia c. 5000 BC Varanasi
15%
Oceania 1806 Launceston
14%
Europe 3rd Millenium BC Pula
14%
Europe c. 1600-1250 BC Thebes
14%
Europe 2nd Millenium BC Argos
11%
Europe c. 1700-1500 BC Chania
11%
North America 1st millenium BC Flores
8%
South America 1525 Santa Marta
8%
Africa 12th Century BC Annaba
7%
Asia 3000 BC Byblos
6%
Europe 3000 BC Vukovar
5%
South America 1515 Cumana
3%
Oceania 1804 George Town
3%
North America 2nd century BC Cholula
2%
North America c. 1144 AD Acoma Pueblo
1%
North America c. 1150 AD Oraibi
0%
No matching quizzes found
Score Distribution
Percent of People with Each Score
Percentile by Number Answered
Your Score History
You have not taken this quiz